000 00490nam a2200217Ia 4500
003 OSt
005 20220924133750.0
006 a|||||r|||| 00| 0
007 ta
008 220923b |||||||| |||| 00| 0 snd d
024 _a268669
037 _cTextual
040 _aARTS
_cARTS
_bsnd
041 _2snd
_asnd
082 _aQ, 1593K3
245 0 _aBharat darpan
260 _c1963
300 _a197p.
_ccm.
942 _hQ, 1593K3
_cTEXL
_2CC
999 _c435080
_d435080